| Tag |
First Indicator |
Second Indicator |
Subfields |
| LEADER |
00000nam a2200000Ia 4500 |
| 001 |
in00004205021 |
| 005 |
20200806091916.0 |
| 006 |
m g d |
| 007 |
cr bn |||a|bb| |
| 008 |
950915s1631 enka o 00| | eng d |
| 035 |
|
|
|a (OCoLC)33143064
|
| 040 |
|
|
|a EBK
|c EBK
|d WaOLN
|
| 037 |
|
|
|a CL0036000057
|b ProQuest. 789 E. Eisenhower Parkway, Ann Arbor, MI 48108-3218
|
| 043 |
|
|
|a e-uk---
|
| 045 |
|
|
|a u-u-
|
| 090 |
|
|
|a BT308
|b .C57
|
| 049 |
|
|
|a UMIA
|
| 245 |
0 |
0 |
|a Christus natus est =
|b Christ is borne.
|
| 246 |
3 |
3 |
|a Christ is borne
|
| 260 |
|
|
|a London :
|b Printed for Iohn Stafford,
|c 1631.
|
| 300 |
|
|
|a 1 online resource (1 sheet ([1] pages) :
|b illustrations.
|
| 300 |
|
|
|a 1 online resource (Contains woodcut illustrations with letterpress text in prose and verse.
|
| 336 |
|
|
|a text
|b txt
|2 rdacontent
|
| 337 |
|
|
|a computer
|b c
|2 rdamedia
|
| 338 |
|
|
|a online resource
|b cr
|2 rdacarrier
|
| 500 |
|
|
|a Imperfect: faded.
|
| 500 |
|
|
|a Reproduction of original in: Society of Antiquaries.
|
| 510 |
4 |
|
|a STC (2nd edition)
|c 5209.5
|
| 510 |
4 |
|
|a Lemon
|c 305
|
| 533 |
|
|
|a Electronic reproduction.
|b Ann Arbor, Mich. :
|c UMI,
|d 1999-
|f (Early English books online)
|n Digital version of: (Early English books, 1475-1640 ; 1885:109)
|7 s1999 miun s
|
| 600 |
0 |
0 |
|a Jesus Christ
|x Nativity
|v Early works to 1800.
|
| 600 |
0 |
0 |
|a Jesus Christ
|v Devotional literature.
|
| 655 |
|
7 |
|a Broadsides
|z London (England)
|y 17th century.
|2 rbgenr
|
| 830 |
|
0 |
|a Early English books online.
|
| 856 |
4 |
0 |
|u http://proxy.library.tamu.edu/login?url=https://search.proquest.com/docview/2240925477
|z Connect to the full text of this electronic book
|t 0
|
| 999 |
f |
f |
|s 4b50db05-560a-34bd-9cc2-b863bbe22b16
|i 1dad9de6-df09-31c4-87cf-3cb9ae78bbbe
|t 0
|
| 952 |
f |
f |
|a Texas A&M University
|b College Station
|c Electronic Resources
|d Available Online
|t 0
|e BT308 .C57
|h Library of Congress classification
|
| 998 |
f |
f |
|a BT308 .C57
|t 0
|l Available Online
|